Gehälter in Marketing + Verkauf 1992.
Platy riadiacich pracovníkov odbytu a marketingu. Charakteristika riadiacich pracovníkov z hľadiska veku a praxe. Faktory ovplyvňujúce výšku platov: miesto v podnikovej hierarchii, veľkosť podniku. U predajcov je rozhodujúcim faktorom výšky platov odvetvie. V oblasti osobného predaja ovplyvňuje plat...
Na minha lista:
| Autor principal: | |
|---|---|
| Formato: | Capítulo de Livro |
| Idioma: | alemão |
| Assuntos: | |
| Tags: |
Sem tags, seja o primeiro a adicionar uma tag!
|
MARC
| LEADER | 00000naa a2200000 4500 | ||
|---|---|---|---|
| 001 | r010458 | ||
| 005 | 20221130113114.8 | ||
| 041 | 0 | |a ger | |
| 044 | |a DE | ||
| 245 | 1 | 0 | |a Gehälter in Marketing + Verkauf 1992. |c Ch. Näser |
| 520 | |a Platy riadiacich pracovníkov odbytu a marketingu. Charakteristika riadiacich pracovníkov z hľadiska veku a praxe. Faktory ovplyvňujúce výšku platov: miesto v podnikovej hierarchii, veľkosť podniku. U predajcov je rozhodujúcim faktorom výšky platov odvetvie. V oblasti osobného predaja ovplyvňuje platy skúsenosť a úspech. Používanie služobných vozidiel. Stav odmeňovania vedúcich pracovníkov vo východnom Nemecku. | ||
| 610 | 2 | 0 | |a marketing |
| 610 | 2 | 0 | |a predaj |
| 610 | 2 | 0 | |a platy |
| 610 | 2 | 0 | |a 1992 |
| 610 | 2 | 0 | |a pracovníci riadiaci |
| 610 | 2 | 0 | |a odbyt |
| 610 | 2 | 0 | |a diferenciácia mzdová |
| 610 | 2 | 0 | |a podnik |
| 610 | 2 | 0 | |a odmeňovanie |
| 610 | 2 | 0 | |a východné Nemecko |
| 610 | 2 | 0 | |a veľkosť podnikov |
| 100 | 1 | |a Näser, Ch. | |